000 00521nam a2200169 ar4500
001 5585
005 20221127091152.0
008 081422s ||| 00010|eng d
020 _a9781849714266 (pbk)
_zSR210
082 0 4 _a307.1216 C187 2012
100 1 _aCampbell, Tim,
245 1 0 _aBeyond smart cities : how cities network, learn and innovate /
_cTim Campbell
260 _aNew York,
_bTaylor & Francis,
_c2012
300 _a236 p
_bill.col.
_c23
500 _aIncludes bib.references and index
650 4 _aCity planning
999 _c5582
_d5582